| 000 | 00460nam a2200157 i 4500 | ||
|---|---|---|---|
| 001 | 61413 | ||
| 003 | ES-MaACL | ||
| 007 | t| | ||
| 008 | 031112s1953 sp ||||1| spa d | ||
| 100 | 1 |
_aFaber, Federico Guillermo. _948504 |
|
| 245 | 1 | 0 |
_aConferencias espirituales / _cpor Federico Guillermo Faber. |
| 250 | _a3ยช ed. | ||
| 260 |
_aMadrid : _bHijos de Gregorio del Amo, _c1953 ( _fFrama) |
||
| 300 |
_a420 p. ; _c19 cm. |
||
| 852 |
_aES-MaACL _jC-8840 _bR.36666 |
||
| 999 |
_c61413 _d61413 |
||